Provinces and Metropolitan Cities of Italy - Statistics

General Stats
  • This quiz has been taken 51 times
  • The average score is 62 of 107
Answer Stats
Hint Answer % Correct
Province/Metropolitan city Milan
95%
Province/Metropolitan city Rome
95%
Province/Metropolitan city Turin
95%
Province/Metropolitan city Bologna
91%
Province/Metropolitan city Genoa
91%
Province/Metropolitan city Venice
91%
Province/Metropolitan city Naples
88%
Province/Metropolitan city Bari
86%
Province/Metropolitan city Florence
86%
Province/Metropolitan city Verona
86%
Province/Metropolitan city Palermo
84%
Province/Metropolitan city Trieste
79%
Province/Metropolitan city Aosta
77%
Province/Metropolitan city Cagliari
77%
Province/Metropolitan city Catania
77%
Province/Metropolitan city Bergamo
74%
Province/Metropolitan city Lecce
74%
Province/Metropolitan city Messina
74%
Province/Metropolitan city Pisa
74%
Province/Metropolitan city Parma
72%
Province/Metropolitan city Brescia
70%
Province/Metropolitan city Siena
70%
Province/Metropolitan city Trento
70%
Province/Metropolitan city Ancona
67%
Province/Metropolitan city Asti
67%
Province/Metropolitan city Cuneo
67%
Province/Metropolitan city Reggio Calabria
67%
Province/Metropolitan city Alessandria
65%
Province/Metropolitan city La Spezia
65%
Province/Metropolitan city Reggio Emilia
65%
Province/Metropolitan city Salerno
65%
Province/Metropolitan city Syracuse
65%
Province/Metropolitan city Taranto
65%
Province/Metropolitan city Udine
65%
Province/Metropolitan city Como
63%
Province/Metropolitan city Modena
63%
Province/Metropolitan city Perugia
63%
Province/Metropolitan city Arezzo
60%
Province/Metropolitan city Catanzaro
60%
Province/Metropolitan city Crotone
60%
Province/Metropolitan city Imperia
60%
Province/Metropolitan city Livorno
60%
Province/Metropolitan city Lucca
60%
Province/Metropolitan city Padua
60%
Province/Metropolitan city Rimini
60%
Province/Metropolitan city Ferrara
58%
Province/Metropolitan city Foggia
58%
Province/Metropolitan city Latina
58%
Province/Metropolitan city Lecco
58%
Province/Metropolitan city Treviso
58%
Province/Metropolitan city Vicenza
58%
Province/Metropolitan city Brindisi
56%
Province/Metropolitan city Cosenza
56%
Province/Metropolitan city Frosinone
56%
Province/Metropolitan city Matera
56%
Province/Metropolitan city Ravenna
56%
Province/Metropolitan city Savona
56%
Province/Metropolitan city Varese
56%
Province/Metropolitan city Biella
53%
Province/Metropolitan city Campobasso
53%
Province/Metropolitan city Caserta
53%
Province/Metropolitan city Cremona
53%
Province/Metropolitan city Enna
53%
Province/Metropolitan city L'Aquila
53%
Province/Metropolitan city Pescara
53%
Province/Metropolitan city Piacenza
53%
Province/Metropolitan city Potenza
53%
Province/Metropolitan city Prato
53%
Province/Metropolitan city Sondrio
53%
Province/Metropolitan city Vercelli
53%
Province/Metropolitan city Avellino
51%
Province/Metropolitan city Benevento
51%
Province/Metropolitan city Grosseto
51%
Province/Metropolitan city Lodi
51%
Province/Metropolitan city Novara
51%
Province/Metropolitan city Pistoia
51%
Province/Metropolitan city Ragusa
51%
Province/Metropolitan city Sassari
51%
Province/Metropolitan city Belluno
49%
Province/Metropolitan city Fermo
49%
Province/Metropolitan city Gorizia
49%
Province/Metropolitan city Pordenone
49%
Province/Metropolitan city Rovigo
49%
Province/Metropolitan city Viterbo
49%
Province/Metropolitan city Agrigento
47%
Province/Metropolitan city Chieti
47%
Province/Metropolitan city Isernia
47%
Province/Metropolitan city Rieti
47%
Province/Metropolitan city Trapani
47%
Province/Metropolitan city Massa and Carrara
44%
Province/Metropolitan city Nuoro
44%
Province/Metropolitan city Terni
44%
Province/Metropolitan city Vibo Valentia
44%
Province/Metropolitan city Caltanissetta
42%
Province/Metropolitan city Ascoli Piceno
42%
Province/Metropolitan city Macerata
42%
Province/Metropolitan city Pavia
40%
Province/Metropolitan city Teramo
40%
Province/Metropolitan city Forlì-Cesena
37%
Province/Metropolitan city Mantua
37%
Province/Metropolitan city Oristano
37%
Province/Metropolitan city Pesaro and Urbino
35%
Province/Metropolitan city Monza and Brianza
33%
Province/Metropolitan city Verbano-Cusio-Ossola
33%
Province/Metropolitan city Barletta-Andria-Trani
30%
Province/Metropolitan city South Sardinia
19%
Province/Metropolitan city South Tyrol
14%
No matching quizzes found
Score Distribution
Percent of People with Each Score
Percentile by Number Answered
Your Score History
You have not taken this quiz